[Event "1st Irena Warakomska Memorial"]
[Site "Suwalki"]
[Date "2017.08.15"]
[Round "6"]
[White "Sagar, Shah"]
[Black "Czarnota, Pawel"]
[Result "1-0"]
[WhiteElo "2397"]
[BlackElo "2577"]
[Annotator "TA"]
[PlyCount "67"]
[EventDate "2017.??.??"]
[EventType "swiss"]
[EventCountry "POL"]
[SourceTitle "playchess.com"]
[Source "ChessBase"]
[SourceQuality "1"]

{[%evp 16,67,34,15,89,58,71,62,59,65,106,64,77,68,75,68,58,64,69,68,100,44,138,135,135,127,134,138,128,128,133,132,158,144,149,147,214,134,126,136,378,381,370,365,372,364,521,506,587,579,616,609,600,601]} 1. Nf3 Nf6 2. g3 g6 3. b3 Bg7 4. Bb2 O-O 5. Bg2 c5 6. c4 d5 7. cxd5 {A05: Réti Opening: 1 Nf3 Nf6} (7. e3 Nc6 8. O-O b6 9. Nc3 Bb7 10. Qe2 d4 11. exd4 Nxd4 12. Nxd4 Bxg2 13. Kxg2 Qxd4 14. d3 Qd7 15. Rad1 Ne8 16. Nd5 e6 17. Bxg7 Kxg7 {½-½ (53) Ponkratov,P (2589)-Huzman,A (2577) St Petersburg 2016}) 7... Qxd5 8. Nc3 Qf5 9. Rc1 {LiveBook: 5 Games. White is slightly better.} Nbd7 $146 (9... Nc6 $11 {remains equal.}) ({Predecessor:} 9... Na6 10. d3 Bh6 11. Rb1 Qe6 12. a3 Bd7 13. Ba1 Bc6 14. b4 cxb4 15. axb4 {1-0 (29) Damaso,R (2444)-Erikson,R (2274) Baku 2016}) 10. d4 cxd4 11. Nxd4 Qa5 12. O-O a6 13. Na4 Re8 14. a3 Qh5 15. b4 e5 (15... Ng4 $6 16. h3 $16) 16. Nb3 e4 17. e3 Qh6 18. Qc2 (18. Nd2 $16) 18... b5 (18... Ne5 $14) 19. Nac5 $16 Nxc5 20. Nxc5 {Hoping for Bxf6.} (20. Qxc5 $2 Ng4 $19) 20... Ng4 {[%csl Gg4][%cal Rh6h2] [#]} 21. h3 {[%cal Bh2h3,Bh3h4][%mdl 32]} Ne5 22. Bxe5 (22. Qxe4 Bxh3 23. Bxe5 Bxe5 $14) 22... Bxe5 23. Bxe4 Rb8 {[#]} 24. h4 $1 Rb6 25. Rfd1 Rf6 (25... Qf8 $16 {might work better.} 26. Bd5 Rd6) 26. Bg2 {Strongly threatening Ne4.} Bxg3 27. Ne4 Rxe4 $2 (27... Bxf2+ $16 {keeps fighting.} 28. Nxf2 Qxe3) 28. Qxc8+ $18 ({Weaker is} 28. Qxe4 Bxf2+ 29. Kh1 Be6 $19) 28... Kg7 29. fxg3 (29. Bxe4 $2 {too greedy.} Bxf2+ 30. Kf1 (30. Kg2 $2 Qxh4 31. Bf5 Qg3+ 32. Kf1 Bxe3 $19) 30... Qxe3 $19) 29... Qxe3+ 30. Kh2 Rf2 (30... Re8 $142) 31. Rf1 {White is clearly winning.} Ra2 {If Black can now play ...Qe2 this consolidates a bit.} 32. Rc7 Rf2 33. Rxf2 Qxf2 34. Rc2 {Precision: White = 58%, Black = 42%.} 1-0

[Event "1st Irena Warakomska Memorial"]
[Site "Suwalki"]
[Date "2017.08.15"]
[Round "6"]
[White "Zylka, Stanislaw"]
[Black "Barski, Radoslaw"]
[Result "0-1"]
[WhiteElo "2368"]
[BlackElo "2444"]
[Annotator "TA"]
[PlyCount "112"]
[EventDate "2017.??.??"]
[EventType "swiss"]
[EventCountry "POL"]
[SourceTitle "playchess.com"]
[Source "ChessBase"]
[SourceQuality "1"]

{[%evp 17,112,0,87,75,86,76,90,29,21,12,10,13,7,15,12,15,11,13,8,13,20,13,25,0,33,0,25,13,62,-8,19,28,62,0,0,0,0,0,0,-75,-12,-21,54,25,9,0,0,0,0,-20,-21,-22,-15,-13,-13,-22,-27,-109,-41,-45,0,-107,-116,-108,-104,-248,-243,-242,-71,-71,-72,-222,-124,-145,-115,-111,-125,-200,-192,-5081,-70,-170,-184,-169,-169,-150,-168,-29977,-29978,-29978,-29979,-29979,-29980,-29980,-29981,-29980,-29981]} 1. d4 Nf6 2. Nf3 e6 3. g3 d5 4. Bg2 g6 5. O-O Bg7 6. c4 O-O 7. Nc3 b6 8. Ne5 Bb7 9. cxd5 {D77: Fianchetto Grünfeld: 6 0-0: Replies other than 6...c6} (9. Bg5 h6 10. Bxf6 Bxf6 11. cxd5 exd5 12. e4 Bxe5 13. dxe5 d4 14. Nd5 c5 15. b4 Nd7 16. f4 Kg7 {1-0 (35) Sargissian,G (2671)-Cheparinov,I (2678) Khanty-Mansiysk 2013}) 9... exd5 {LiveBook: 5 Games} (9... Nxd5 $11 10. e4 Nxc3 11. bxc3 c5) 10. Bg5 $16 Qd6 11. Rc1 $146 {And now Nb5 would win.White is better.} ({Predecessor:} 11. Nb5 Qe7 12. Ng4 Na6 13. Qb3 c6 14. Qf3 cxb5 15. Bxf6 Bxf6 16. Qxf6 Qxf6 17. Nxf6+ {1-0 (37) Budin,F (1954)-Labarre,B ICCF email 2011}) 11... c6 12. Qd2 (12. Bxf6 $16 Bxf6 13. e4) 12... Nbd7 $11 13. Nxd7 Qxd7 14. Bh6 Rfe8 15. Bxg7 Kxg7 16. e3 Qd6 17. Rfe1 Rad8 18. Ne2 Bc8 19. Nf4 Bf5 20. Nd3 Ne4 21. Qd1 h5 22. Qa4 Rc8 23. Ne5 (23. Qxa7 $14 c5 24. dxc5 (24. Bxe4 dxe4 25. Ne5 Qf6 $11) 24... Nxc5 25. Nxc5 bxc5 26. b4 $1 {[%mdl 512]}) 23... c5 24. Qxa7 Re7 25. Qa6 (25. Qa3 $1 $14) 25... cxd4 26. exd4 Rxc1 27. Rxc1 Qb4 28. Qa3 (28. Qe2 $11 Nf6 29. Nc6 Rxe2 30. Nxb4) 28... Qxa3 (28... Rc7 $1 $17 {[%cal Rc7c1]} 29. Rd1 (29. Qxb4 $2 {too greedy.} Rxc1+ 30. Bf1 Bh3 $19) 29... Qxa3 30. bxa3 Rc2) 29. bxa3 f6 ({Better is} 29... Ra7 $11) 30. Nd3 Ra7 31. Nf4 (31. Bxe4 $5 dxe4 32. Nb4 $11) 31... Rxa3 32. Nxd5 Rxa2 33. Ne3 Nxf2 34. Rc7+ Kh6 35. Nxf5+ gxf5 {[%mdl 4096] Endgame KRB-KRN} 36. Rc6 Ng4 37. Bf3 (37. Re6 $11 {keeps the balance.}) 37... Ra1+ (37... Nxh2 $17 38. Bd5 Rb2) 38. Kg2 $15 Ra2+ ({Black should play} 38... Kg6 $15 39. Re6 Ra2+ 40. Re2 Ra3) 39. Kg1 $17 Nxh2 40. Bd5 Rb2 $1 {Threatens to win with ...Kg5.} 41. Rxf6+ (41. Rc8 $17) 41... Kg5 $19 42. Rc6 h4 $2 (42... b5 $1 $19 {is more deadly.} 43. Rc8 Kg4) 43. gxh4+ $17 Kxh4 {aiming for ...b5.} 44. Rc3 {[#]} (44. Rg6 $17 {was the only defense.}) 44... f4 (44... b5 $1 $19 {Hoping for ...b4.} 45. Be6 b4) 45. Be4 Ng4 46. d5 Rb4 47. Bc2 (47. Bf3 $17 {keeps fighting.}) 47... Ne5 $19 48. Rb3 $2 (48. Bf5) 48... Rc4 $2 ({Black should try} 48... Rxb3 $19 49. Bxb3 Kg3) 49. Bf5 (49. Bd3 $1 $15 Rd4 50. Be2) 49... f3 50. Kf2 {[#]} Kg5 $1 {[%cal Rg5f5]} 51. Bd3 Rd4 52. Ke3 $2 (52. Bf1 $19) 52... Rxd3+ {Black mates.} 53. Rxd3 Nxd3 54. Kxf3 Kf5 55. Ke3 Nc5 56. Kd4 Nd7 {Precision: White = 31%, Black = 42%.} 0-1

[Event "1st Irena Warakomska Memorial"]
[Site "Suwalki"]
[Date "2017.08.15"]
[Round "6"]
[White "Kulon, Klaudia"]
[Black "Mulet, Piotr"]
[Result "0-1"]
[WhiteElo "2359"]
[BlackElo "2295"]
[Annotator "NA"]
[PlyCount "134"]
[EventDate "2017.??.??"]
[EventType "swiss"]
[EventCountry "POL"]
[SourceTitle "playchess.com"]
[Source "ChessBase"]
[SourceQuality "1"]
[TimeControl "40/5400+30:1800+30"]

1. e4 e6 2. d4 d5 3. e5 c5 4. c3 Nc6 5. Nf3 Qb6 6. a3 f6 7. Bd3 fxe5 {C02: French: Advance Variation} 8. dxe5 (8. Nxe5 Nf6 9. O-O Bd6 10. dxc5 Bxc5 11. Qe2 Nxe5 12. Qxe5 O-O 13. Qe2 Kh8 14. b4 Bd6 15. c4 dxc4 16. Bxc4 {1-0 (56) Motylev,A (2649)-Riazantsev,A (2646) Berlin 2015}) 8... Nge7 9. O-O g6 $146 ({Find the theoretical novelty and annotate with similar games:} 9... Ng6 10. Re1 Be7 11. Bg5 O-O 12. Bxg6 hxg6 13. Bxe7 Nxe7 14. b4 cxb4 15. cxb4 {0-1 (22) Mrochen,M (2002)-Cueva,T (1963) Dos Hermanas 2004}) 10. b4 c4 11. Bc2 Bg7 12. Qe2 Qc7 13. Re1 Bd7 14. b5 Nd8 15. a4 Nf7 16. Ba3 Nf5 17. Nbd2 h5 18. Nf1 O-O-O 19. Ne3 Nxe5 20. Ng5 Rde8 21. f4 Ng4 22. Nxg4 hxg4 23. Bxf5 exf5 24. Qd2 Qb6+ 25. Kh1 Rxe1+ 26. Rxe1 g3 27. Nh3 d4 28. Qa2 Qc7 29. cxd4 Re8 30. Rd1 Re3 31. d5 Rb3 32. Rc1 Kb8 33. hxg3 Bf6 34. Ng1 Be8 35. Qe2 Bf7 36. Rxc4 Qd7 37. Bd6+ Qxd6 38. Qc2 Qd7 39. Qxb3 Bxd5 40. Nf3 Qe6 41. Qb4 Bxc4 42. Qf8+ Kc7 43. Qc5+ Kd7 44. Qxa7 Bd5 45. Qf2 Qe4 46. Qb6 Qe6 47. Qf2 Bxf3 48. Qxf3 Qe4 49. Qb3 Bd4 50. Qf7+ Kc8 51. Kh2 {[#]} Qe3 $1 52. Kh3 Qg1 53. Qe6+ Kc7 54. g4 $19 Qe3+ 55. Qxe3 Bxe3 56. a5 Bxf4 57. gxf5 gxf5 58. a6 b6 59. Kh4 Kc8 60. Kh5 Bb8 61. Kg5 f4 62. a7 Bxa7 63. Kxf4 Bb8+ 64. Kf5 Bg3 65. Kg4 Be1 66. Kf4 Kd7 67. g4 Kd6 0-1

[Event "1st Irena Warakomska Memorial"]
[Site "Suwalki"]
[Date "2017.08.15"]
[Round "6"]
[White "Koziol, Kamil"]
[Black "Kanarek, Marcel"]
[Result "1/2-1/2"]
[WhiteElo "2321"]
[BlackElo "2530"]
[Annotator "TA"]
[PlyCount "31"]
[EventDate "2017.??.??"]
[EventType "swiss"]
[EventCountry "POL"]
[SourceTitle "playchess.com"]
[Source "ChessBase"]
[SourceQuality "1"]

{[%evp 17,31,0,0,0,0,0,0,0,0,-5,9,11,13,0,22,36]} 1. e4 c5 2. Nf3 Nc6 3. Bb5 e6 4. Bxc6 bxc6 5. d3 Ne7 6. h4 h5 {B30: Sicilian: 2...Nc6 3 Bb5, lines without ...g6} 7. Nc3 Ng6 8. e5 f6 9. Qe2 Qc7 {[%cal Rg6e5] LiveBook: 8 Games. The position is equal.} 10. Qe4 $146 ({Predecessor:} 10. exf6 gxf6 11. Ne4 Be7 12. Be3 Nf4 13. Bxf4 Qxf4 {0-1 (43) Rozentalis,E (2619)-Bruzon Batista,L (2689) Ottawa 2013}) 10... Nxe5 11. Nxe5 Qxe5 12. Qxe5 fxe5 13. Bg5 d5 14. Na4 Ba6 15. b3 c4 16. dxc4 1/2-1/2

[Event "1st Irena Warakomska Memorial"]
[Site "Suwalki"]
[Date "2017.08.15"]
[Round "6"]
[White "Szustakowski, Antoni"]
[Black "Goluch, Piotr"]
[Result "1-0"]
[WhiteElo "2235"]
[BlackElo "2360"]
[Annotator "NA"]
[PlyCount "97"]
[EventDate "2017.??.??"]
[EventType "swiss"]
[EventCountry "POL"]
[SourceTitle "playchess.com"]
[Source "ChessBase"]
[SourceQuality "1"]
[TimeControl "40/5400+30:1800+30"]

1. e4 c5 2. Nf3 d6 3. d4 cxd4 4. Nxd4 Nf6 5. Nc3 Nc6 6. Bg5 Bd7 7. Qd2 Rc8 8. f4 Nxd4 9. Qxd4 Qa5 10. Be2 {B61: Sicilian: Richter-Rauzer: 6...Bd7 7 Qd2} (10. e5 dxe5 11. fxe5 e6 12. O-O-O Bc6 13. Nb5 Bxb5 14. exf6 Bc6 15. h4 g6 16. Bc4 Bc5 17. Qe5 Bb6 18. Qd6 Bc5 19. Qe5 Bb4 20. Qe3 Qc5 21. Qe2 {½-½ (89) Grischuk,A (2752)-Dreev,A (2710) Apatity 2011}) 10... e5 $146 ({Predecessor:} 10... e6 11. O-O-O Be7 12. Bxf6 gxf6 13. Kb1 a6 14. Rhe1 Qc5 15. Qd2 Rc7 16. Bf3 O-O 17. Re3 {1-0 (35) Djuraev,S (2339)-Uribe,M (2414) Dresden 2008}) 11. Qd3 d5 12. Bxf6 dxe4 13. Qd5 Qxd5 14. Nxd5 Bc6 15. Bxe5 Bxd5 16. O-O-O Bc6 17. Bg4 Ra8 18. Rhe1 Bc5 19. Bf5 Bf2 20. Re2 e3 21. Bxg7 Rg8 22. Bd4 Rxg2 23. Bxe3 Bxe3+ 24. Rxe3+ Kf8 25. Rh3 Re8 26. Rxh7 Ree2 27. h3 Ref2 28. Rh4 Kg7 29. b3 Kf6 30. Bd3 Rh2 31. Rg1 Bg2 32. Rh6+ Ke7 33. Re1+ Kf8 34. f5 Rxh3 35. Rd6 Kg7 36. Rd7 Bc6 37. Rd6 Rh1 38. Rxh1 Bxh1 39. a4 Bc6 40. Kb2 f6 41. a5 a6 42. b4 Bg2 43. Kc3 Rf4 44. Rd4 Rf2 45. Kc4 Kf7 46. Rd7+ Ke8 47. Rh7 Kd8 48. Kc5 Kc8 $18 (48... Rf4 $142 49. Rf7 Rg4 50. Rxf6 Ke8) 49. Rh2 1-0

[Event "1st Irena Warakomska Memorial"]
[Site "Suwalki"]
[Date "2017.08.15"]
[Round "6"]
[White "Czerw, Dawid"]
[Black "Molenda, Marcin"]
[Result "1/2-1/2"]
[WhiteElo "2222"]
[BlackElo "2420"]
[Annotator "TA"]
[PlyCount "82"]
[EventDate "2017.??.??"]
[EventType "swiss"]
[EventCountry "POL"]
[SourceTitle "playchess.com"]
[Source "ChessBase"]
[SourceQuality "1"]

{[%evp 21,82,75,71,7,22,0,0,0,15,-28,-23,-50,0,-6,13,-12,6,0,10,10,4,4,30,16,37,31,11,20,76,0,0,0,25,17,36,13,17,0,4,0,-9,-13,14,11,15,9,10,-39,-40,-39,-43,-51,-44,-39,-18,-16,-13,-24,0,0,45,0,0]} 1. d4 d5 2. c4 e6 3. Nc3 Bb4 4. Nf3 Nf6 5. cxd5 exd5 6. Bg5 {[%cal Bc1g5,Bg5h4,Bh4g3,Bg3d6][%mdl 32]} h6 7. Bh4 c5 8. e3 c4 {D38: Queen's Gambit Declined: Ragozin Defence (4 Nf3 Bb4)} 9. Nd2 Bxc3 10. bxc3 g5 11. Bg3 Bf5 {LiveBook: 3 Games} 12. Qa4+ $146 (12. h4 $16 {Threatens to win with hxg5.} g4 13. Be2) ({Predecessor:} 12. Be2 Nc6 13. O-O O-O 14. f3 b5 15. e4 dxe4 16. fxe4 Nxe4 17. Nxe4 Bxe4 {0-1 (25) Nisipeanu,L (2678)-Piorun,K (2609) Bad Wiessee 2015}) 12... Nc6 $11 13. Qb5 {Hoping for Nxc4!} Qd7 14. Qc5 Qe7 15. Bd6 Qe6 16. Be2 Rd8 17. Bg3 Qe7 18. Qb5 Rd7 19. O-O O-O 20. a4 Bg6 21. Rfe1 Qe6 (21... a6 $5 {[%cal Ra6b5]} 22. Qb6 Re8 $11) 22. Bf1 (22. e4 $5 Nxe4 23. Nxe4 Bxe4 24. f3 $14) 22... Qf5 {[#]} 23. e4 $1 {[%mdl 512]} Nxe4 (23... dxe4 24. Nxc4) 24. Nxe4 a6 (24... dxe4 $11 {remains equal.} 25. Qxc4 (25. Bxc4 Rc8 $14) 25... Rc8) 25. Qb6 (25. Nd6 $16 Rxd6 26. Qxb7) 25... dxe4 26. Bxc4 Qa5 27. Qb2 Ne7 28. Bb3 (28. Qb3 $5 {[%cal Rc4e6]}) 28... Rc8 29. Rac1 Nd5 30. Bxd5 Qxd5 31. h4 Rc4 32. hxg5 hxg5 33. Be5 Qe6 34. a5 f6 35. Bg3 Qd5 36. Qb6 Kg7 37. Re3 Qc6 38. Qxc6 Rxc6 39. Rb1 Rc4 40. Rb6 Kf7 41. Bd6 Ra4 {Precision: White = 48%, Black = 28%.} 1/2-1/2

[Event "1st Irena Warakomska Memorial"]
[Site "Suwalki"]
[Date "2017.08.15"]
[Round "6"]
[White "Kyrychenko, Maryan"]
[Black "Stoma, Pawel"]
[Result "0-1"]
[WhiteElo "2219"]
[BlackElo "2348"]
[Annotator "NA"]
[PlyCount "176"]
[EventDate "2017.??.??"]
[EventType "swiss"]
[EventCountry "POL"]
[SourceTitle "playchess.com"]
[Source "ChessBase"]
[SourceQuality "1"]
[TimeControl "40/5400+30:1800+30"]

1. e4 d6 2. d4 e5 3. dxe5 dxe5 4. Qxd8+ Kxd8 5. Bc4 Be6 6. Bxe6 fxe6 7. Nc3 Nf6 8. Bg5 Bd6 9. O-O-O Ke7 10. Nge2 Nc6 11. h3 {B07: Pirc Defence: Miscellaneous Systems} (11. f3 a6 12. Kb1 b5 13. Nc1 Rhb8 14. Nd3 a5 15. Ne2 a4 16. Rhe1 Rd8 17. g3 Nb8 18. f4 h6 19. fxe5 hxg5 20. exd6+ cxd6 {½-½ (43) Espinosa Flores,R (2412)-Czebe,A (2468) Beijing 2008}) 11... a6 $146 ({Predecessor:} 11... h6 12. Be3 a6 13. g4 Rad8 14. Rdg1 Kf7 15. h4 b5 16. f3 Nd4 17. Bxd4 exd4 {0-1 (33) Molchanova,T (2315)-Ionescu Brandis,I (2252) Kishinev 2005}) 12. Rhf1 h6 13. Be3 b5 14. a3 Rhb8 15. f4 a5 16. fxe5 Nxe5 17. Bf4 b4 18. Nb1 Ra6 19. Nd4 g5 20. Bh2 Nc4 21. Bxd6+ cxd6 22. Rde1 a4 23. Nd2 Ne5 24. N2f3 bxa3 25. bxa3 Rab6 26. Nxe5 dxe5 27. Nf3 Nxe4 28. Nd2 Nxd2 29. Kxd2 Rb5 30. Re4 Rd8+ 31. Ke3 Rc8 32. Rxa4 Rxc2 33. Ra7+ Kd6 34. Ra6+ Kc5 35. Ke4 Re2+ 36. Kf3 Rbb2 37. Rc1+ Kd5 38. Rd1+ Red2 39. Ra5+ Kd4 40. Ra4+ Kd5 41. Ra5+ Kd6 42. Rxd2+ Rxd2 43. Ra8 Rd4 44. Rd8+ Kc5 45. Re8 Kd5 46. Ke3 Re4+ 47. Kd3 Ra4 48. Rd8+ Kc6 49. Rc8+ Kd6 50. Rd8+ Ke7 51. Rh8 e4+ 52. Ke3 Kf6 53. Rb8 h5 54. Rb4 Rxa3+ 55. Kxe4 h4 56. Rb2 Ra4+ 57. Ke3 {[#]} Kf5 $1 58. Rf2+ Ke5 59. Rb2 Ra3+ 60. Kf2 Kf4 $17 61. Rb4+ Kf5 62. Rb5+ e5 63. Rb4 Ra2+ 64. Kf3 Ra3+ 65. Kf2 e4 66. Rb8 Ra5 67. Ke3 Ra3+ 68. Kf2 Ra2+ 69. Ke3 Rxg2 70. Rf8+ Ke5 71. Re8+ Kf6 72. Rf8+ Kg7 73. Ra8 Rg3+ 74. Kxe4 Rxh3 75. Kf5 Rg3 76. Ra7+ Kh6 77. Ra8 Rf3+ 78. Kg4 Rf4+ 79. Kh3 Re4 80. Ra5 Kh5 81. Rb5 Re3+ 82. Kh2 h3 83. Rb8 Kh4 84. Rh8+ Kg4 85. Ra8 Re2+ 86. Kh1 Kh4 87. Ra4+ g4 88. Ra3 Re1+ 0-1

[Event "1st Irena Warakomska Memorial"]
[Site "Suwalki"]
[Date "2017.08.16"]
[Round "7"]
[White "Mastrovasilis, Dimitrios"]
[Black "Cukrowski, Filip"]
[Result "0-1"]
[WhiteElo "2596"]
[BlackElo "2413"]
[Annotator "TA"]
[PlyCount "98"]
[EventDate "2017.??.??"]
[EventType "swiss"]
[EventCountry "POL"]
[SourceTitle "playchess.com"]
[Source "ChessBase"]
[SourceQuality "1"]

{[%evp 31,98,37,49,69,56,47,57,0,0,0,0,-27,-27,-17,-14,-11,0,-41,-28,-45,-34,-78,-31,-28,-9,-48,-13,-15,0,0,0,-103,-103,-89,-100,-93,-63,-86,-55,-61,-61,-117,-117,-121,-116,-147,-145,-144,-146,-148,-135,-161,-162,-214,-203,-925,-879,-962,-887,-1125,-1128,-1098,-1091,-1029,-771,-1419,-1393,-29997,-29998]} 1. e4 c5 2. Nf3 d6 3. d4 cxd4 4. Nxd4 Nf6 5. Nc3 Nc6 6. Bg5 e6 7. Qd2 a6 8. O-O-O Bd7 9. f4 {[%cal Bf2f4,Bf4f5][%mdl 32]} Be7 10. Nf3 b5 11. Bxf6 gxf6 12. f5 Qb6 13. Kb1 O-O-O 14. g3 Kb8 15. fxe6 fxe6 {[%cal Bf7e6,Be6e5,Be5d4][%mdl 32]} 16. Bh3 h5 {LiveBook: 3 Games. B69: Sicilian: Richter-Rauzer: 7...a6 8 0-0-0 Bd7 9 f4 Be7 10 Nf3 b5 11 Bxf6} (16... Bc8 17. Qe1 Rhe8 18. Ne2 Ne5 19. Rf1 Nc4 20. Nf4 f5 21. exf5 Bf6 22. fxe6 Bxb2 23. Nd5 Qc5 24. Nd2 Nxd2+ 25. Qxd2 {1-0 (37) Wieczorek,O (2456)-Korobov,A (2687) Germany 2016}) 17. Ne2 Ne5 18. Nfd4 Nc4 {White is slightly better.} 19. Qd3 (19. Qe1 $14) 19... f5 $1 $11 20. exf5 e5 21. f6 Bxf6 $146 ({Find the theoretical novelty and annotate with similar games:} 21... Bxh3 22. fxe7 {1-0 (30) Vogt,L (2485)-Schneider,L (2475) Stockholm 1988}) 22. Bxd7 exd4 23. Bh3 Rhe8 24. Nc1 ({Don't blunder} 24. Nxd4 $2 Re3 $19) 24... d5 25. Rhf1 Ne3 $36 {[%mdl 2048] Black is pushing.} 26. Qg6 Rf8 ({But not} 26... Nxf1 $6 27. Rxf1 Rf8 28. Nd3 $11) 27. Nd3 Qd6 28. a3 h4 (28... Nxf1 {feels hotter.} 29. Bxf1 h4 30. gxh4 Bxh4 31. Qg1 Qf6) 29. gxh4 Nxd1 30. Rxd1 Bxh4 31. Rg1 (31. Qg1 $11) 31... Qxg6 $17 32. Rxg6 Rf6 33. Rg7 Rc6 34. Bg2 a5 35. Rh7 Bf6 36. Rh5 ({Better is} 36. b4 $15) 36... Rcd6 37. Rf5 Rg8 38. Bf3 Rg5 39. Rf4 Rg1+ 40. Ka2 Rf1 41. Kb3 Kc7 42. Rf5 (42. Ka2 $142) 42... Kb6 {[#] Hoping for ...Ra1.} 43. Rf4 $2 (43. Ka2) 43... Ra1 $19 {( -> ...a4+)} 44. Bxd5 a4+ 45. Kb4 Be7 46. Rf7 Re6+ ({Weaker is} 46... Rxd5+ 47. Rxe7 Rd1 48. Re2 $17) 47. Rxe7 Rxe7 48. b3 Rc7 49. bxa4 Rb1+ {Precision: White = 34%, Black = 75%.} 0-1

[Event "1st Irena Warakomska Memorial"]
[Site "Suwalki"]
[Date "2017.08.16"]
[Round "7"]
[White "Czarnota, Pawel"]
[Black "Zochowski, Kacper"]
[Result "1-0"]
[WhiteElo "2577"]
[BlackElo "2239"]
[Annotator "TA"]
[PlyCount "77"]
[EventDate "2017.??.??"]
[EventType "swiss"]
[EventCountry "POL"]
[SourceTitle "playchess.com"]
[Source "ChessBase"]
[SourceQuality "1"]

{[%evp 25,77,17,35,28,56,53,64,46,100,72,66,54,171,58,53,37,42,48,33,-119,-102,-110,-98,-114,-108,-190,0,13,179,194,175,82,92,100,108,102,78,81,259,200,455,430,731,727,1036,1040,989,970,873,814,801,781,856,531]} 1. e4 c5 2. Nf3 d6 3. d4 cxd4 4. Nxd4 Nf6 5. Nc3 a6 6. Be2 e6 7. O-O Be7 8. f4 Nc6 9. Be3 O-O 10. a4 Qc7 11. Kh1 Bd7 12. Nb3 Nb4 13. Bf3 {B85: Sicilian Scheveningen: 6 Be2 a6, lines with early Be3} Bc6 {LiveBook: 3 Games} 14. Nd4 d5 {[%cal Rd5e4]} 15. e5 $1 {[%cal Re5f6] White is slightly better.} Ne4 {[#]} 16. Bg1 $146 ({Predecessor:} 16. Nce2 a5 17. c3 Na6 18. Nxc6 bxc6 19. Bxe4 dxe4 {1-0 (41) Onischuk,V (2574)-Isaev,Y (2238) Taganrog 2013}) 16... a5 (16... Nc5 $14) 17. Qe1 {[%cal Rc3e4]} Bc5 18. Nxc6 Nxc2 (18... bxc6 $14 19. Bxe4 Bxg1) 19. Qd1 (19. Qb1 $1 $18 Nxa1 20. Bxe4 Bxg1 21. Bxh7+ Kh8 22. Qe1) 19... Nxa1 $14 20. Bxc5 Nxc5 21. Nd4 Qb6 $1 22. Ncb5 $2 {[#]} (22. Qxa1 $14 {was forced to keep a grip.} Nd3 23. Ncb5) 22... Nab3 $1 $17 {[%cal Rb3d4][%mdl 512]} 23. Nxb3 {Black must now prevent N3d4.} Nxa4 24. N3d4 Nxb2 25. Qe2 (25. Qa1 $17 Nc4 26. Rb1) 25... Na4 $2 ({Better is} 25... Nc4 $19 {Hoping for ...a4.} 26. f5 a4 27. fxe6 fxe6 28. Nxe6 Qxe6) 26. Qd2 $11 g6 $2 {[#]} (26... Nc5 $11 {and Black has nothing to worry.}) 27. f5 $1 $18 {[%cal Rf5f6][%mdl 512]} exf5 28. Bxd5 (28. Nd6 $1 $18 {Strongly threatening N4xf5!} Qb4 29. Qe3) 28... Rad8 $16 29. Nd6 $36 {[%mdl 3072] White has strong compensation. White is on the roll.} Qb4 {[#]} 30. Qf4 $1 Nb6 31. Ba2 {Threatens to win with N6xf5!} ({Much weaker is} 31. Bxb7 f6 $15) 31... Kh8 $2 (31... Rxd6 $16 32. exd6 Qb2) 32. Rb1 Qa3 $2 (32... Qa4 {was worth a try.} 33. Qd2 Nc8 34. N4xf5 Nxd6 35. Nxd6 Rd7) 33. Bxf7 $18 {White is clearly winning.} Rxd6 (33... Rd7 $142 34. g3 Na4) 34. exd6 {[%cal Rf4e5]} Rxf7 35. Qe5+ Kg8 36. Qe8+ Rf8 37. Qe6+ Rf7 {[#]} 38. Nf3 $1 {[%cal Rf3g5] White wants to mate with Ng5.} Qd3 {[#]} 39. Qxf7+ $1 {[%mdl 512] Precision: White = 54%, Black = 35%.} 1-0

[Event "1st Irena Warakomska Memorial"]
[Site "Suwalki"]
[Date "2017.08.16"]
[Round "7"]
[White "Markowski, Tomasz"]
[Black "Gleizerov, Evgeny"]
[Result "1/2-1/2"]
[WhiteElo "2552"]
[BlackElo "2519"]
[Annotator "TA"]
[PlyCount "73"]
[EventDate "2017.??.??"]
[EventType "swiss"]
[EventCountry "POL"]
[SourceTitle "playchess.com"]
[Source "ChessBase"]
[SourceQuality "1"]

{[%evp 20,73,33,-2,15,15,18,17,14,6,21,17,14,2,0,0,10,0,14,20,20,0,14,0,0,0,7,7,14,11,33,33,33,16,20,11,14,15,16,16,16,0,8,6,16,8,7,0,0,0,7,7,15,13,22,6]} 1. c4 e5 2. g3 Nc6 3. Nc3 g6 4. Bg2 Bg7 5. d3 d6 6. e3 Nf6 7. Nge2 O-O 8. O-O Be6 9. e4 {A25: English Opening vs King's Indian with ...Nc6 but without early d3} (9. Nd5 Rb8 10. Nec3 Ne7 11. Nxf6+ Bxf6 12. e4 Bg7 13. Be3 a6 14. Rc1 b5 15. b3 f5 16. exf5 gxf5 17. f4 bxc4 18. dxc4 {0-1 (31) Gelfand,B (2743)-Mamedyarov,S (2761) Moscow 2016}) 9... Nh5 10. Nd5 Qd7 11. Be3 $146 {LiveBook: 11 Games. White is slightly better.} ({Predecessor:} 11. Rb1 a5 12. b3 f5 13. exf5 Bxf5 14. f3 Be6 15. Nec3 Nd4 16. b4 axb4 17. Rxb4 b6 {0-1 (60) Ragozin,E (2475)-Anastasian,A (2520) Ubeda 1996}) 11... Nd4 12. Bxd4 exd4 13. Ndf4 Nxf4 14. Nxf4 Rab8 15. Nxe6 fxe6 16. b3 e5 17. b4 Bh6 18. Qc2 c5 19. bxc5 dxc5 20. Qe2 Rf6 21. Bf3 Rbf8 22. Bg4 Qc7 23. Rab1 Kg7 24. Kg2 Rb6 25. Rxb6 Qxb6 26. Qc2 Qa5 {The position is equal.} 27. Qb3 Qb4 28. Rb1 {Hoping for Qc2.} Qd2 29. Bf3 b6 30. Qd1 (30. h4 {keeps more tension.} Qc3 31. Qd1 Qd2 32. h5 Rf7 33. Qxd2 Bxd2 34. Bg4) 30... Qxd1 (30... Be3 {feels hotter.} 31. Qxd2 Bxd2 32. Bg4 h5 33. Be6 Kf6) 31. Bxd1 $11 {[%mdl 4096] Endgame KRB-KRB} Rf6 32. Bg4 Bd2 33. Kf1 h5 34. Bc8 Kf8 (34... Rf8 $5 {[%cal Rf8c8]} 35. Be6 h4 $11) 35. Ke2 Bh6 36. a4 a5 37. h4 {Precision: White = 47%, Black = 22%.} (37. f4 $5 exf4 38. e5 $11) 1/2-1/2